El sobre azul : (Record no. 28037)
[ view plain ]
| 000 -LEADER | |
|---|---|
| fixed length control field | 00456nam a22001937a 4500 |
| 001 - CONTROL NUMBER | |
| control field | sjds |
| 003 - CONTROL NUMBER IDENTIFIER | |
| control field | sjds |
| 005 - DATE AND TIME OF LATEST TRANSACTION | |
| control field | 20230209193532.0 |
| 008 - FIXED-LENGTH DATA ELEMENTS--GENERAL INFORMATION | |
| fixed length control field | 230209b |||||||| |||| 00| 0 spa d |
| 020 ## - INTERNATIONAL STANDARD BOOK NUMBER | |
| International Standard Book Number | 8426118895 |
| 020 ## - INTERNATIONAL STANDARD BOOK NUMBER | |
| International Standard Book Number | 9788426118899 |
| 040 ## - CATALOGING SOURCE | |
| Transcribing agency | sjds |
| 041 ## - LANGUAGE CODE | |
| Language code of text/sound track or separate title | spa |
| 100 1# - MAIN ENTRY--PERSONAL NAME | |
| Personal name | Perez, Rafael |
| 245 ## - TITLE STATEMENT | |
| Title | El sobre azul : |
| Remainder of title | novela / |
| Statement of responsibility, etc. | Rafael Perez |
| 260 ## - PUBLICATION, DISTRIBUTION, ETC. (IMPRINT) | |
| Place of publication, distribution, etc. | Barcelona : |
| Name of publisher, distributor, etc. | Juventud, |
| Date of publication, distribution, etc. | 1982 |
| 300 ## - PHYSICAL DESCRIPTION | |
| Dimensions | 224 p. |
| Size of unit | 18 cm. |
| 942 ## - ADDED ENTRY ELEMENTS (KOHA) | |
| Koha item type | Libro/Book |
| Withdrawn status | Lost status | Damaged status | Not for loan | Home library | Current library | Date acquired | Inventory number | Total Checkouts | Full call number | Barcode | Checked out | Date last seen | Date checked out | Price effective from | Koha item type |
|---|---|---|---|---|---|---|---|---|---|---|---|---|---|---|---|
| San Juan Del Sur -- Mobile | San Juan Del Sur -- Mobile | 09/02/2023 | Inventory date: 15-5-25 | JF | 30029816 | 09/02/2023 | 09/02/2023 | Libro/Book | |||||||
| In Process | San Juan Del Sur -- Mobile | San Juan Del Sur -- Mobile | 10/02/2023 | 30029744 | 10/02/2023 | 10/02/2023 | Libro/Book | ||||||||
| San Juan Del Sur -- Mobile | Tortuga | 09/02/2023 | Inventory date: 15-5-25 | 1 | JF | 30029822 | 15/04/2026 | 11/03/2026 | 11/03/2026 | 09/02/2023 | Libro/Book | ||||
| San Juan Del Sur -- Mobile | Tortuga | 10/02/2023 | Inventory date: 15-5-25 | 1 | JF | 30029745 | 20/04/2026 | 16/03/2026 | 16/03/2026 | 10/02/2023 | Libro/Book |